| 000 | 00581nam a2200217 454500 | ||
|---|---|---|---|
| 001 | 037107 | ||
| 003 | BD-ChCU | ||
| 008 | Eng | ||
| 020 | _ax | ||
| 040 |
_aDLC _cDLC _dBD-ChCU |
||
| 082 | 0 | 0 | _a305.3/W724s |
| 100 | 1 |
_aWilliams, John E. _bBest, Deborah L. |
|
| 245 | 1 | 0 |
_aSex and phyche _bGender and self wiewed cross-culturally |
| 250 | _ax | ||
| 260 |
_aLondon ; New York _bSage _c1990 |
||
| 300 | _a147 | ||
| 504 | _aIncludes | ||
| 650 | 0 |
_aSex role-cross-cultural studides _bSex differences (Psycholoyg) cross- cultural studies |
|
| 700 | 1 | _ax | |
| 942 |
_2ddc _cBK |
||
| 999 |
_c37107 _d37107 |
||